Statistics for NBA Greatests that didn't Win Rookie of the Year.

Click here to take the quiz!

General Stats

  • This quiz has been taken 23 times
  • The average score is 17 of 29

Answer Stats

Draft YrPickDrafted ByAnswer% Correct
19993Charlotte HornetsBaron Davis
91%
20121New Orleans PelicansAnthony Davis
91%
20084Seattle SuperSonicsRussell Westbrook
87%
20143Philadelphia 76ersJoel Embiid
83%
201315Milwaukee BucksGiannis Antetokounmpo
83%
20093Oklahoma City ThunderJames Harden
83%
20041Orlando MagicDwight Howard
78%
19955Minnesota TimberwolvesKevin Garnett
74%
201513Phoenix SunsDevin Booker
74%
199613Charlotte HornetsKobe Bryant
70%
19902Seattle SuperSonicsGary Payton
70%
20105Sacramento KingsDeMarcus Cousins
70%
20033Denver NuggetsCarmelo Anthony
61%
20029Phoenix SunsAmar'e Stoudemire
61%
20185Dallas MavericksTrae Young
57%
19989Milwaukee BucksDirk Nowitzki
57%
201115Indiana PacersKawhi Leonard
52%
19979Toronto RaptorsTracy McGrady
52%
20167Denver NuggetsJamal Murray
52%
19922Charlotte HornetsAlonzo Mourning
52%
19941Milwaukee BucksGlenn Robinson
43%
201713Denver NuggetsDonovan Mitchell
39%
20053Utah JazzDeron Williams
39%
19914Denver NuggetsDikembe Mutombo
30%
200748Los Angeles LakersMarc Gasol
30%
200043Milwaukee BucksMichael Redd
26%
200131Golden State WarriorsGilbert Arenas
22%
20062Chicago BullsLaMarcus Aldridge
22%
19934Dallas MavericksJamal Mashburn
13%

Score Distribution

Percentile by Number Answered

Percent of People with Each Score

Your Score History

You have not taken this quiz